Tramwaje w Polsce - Statystyki

Ogólne statystyki
  • Ten quiz został rozwiązany 427 razy
  • Średni wynik to 12 z 15
Statystyki odpowiedzi
Obrazkowy Odpowiedź % Poprawnych
Warszawa
93%
Kraków
87%
Poznań
87%
Gdańsk
83%
Wrocław
80%
Bydgoszcz
79%
Aglomeracja łódzka
77%
Olsztyn
77%
Toruń
76%
Konurbacja górnośląska
75%
Szczecin
75%
Gorzów Wielkopolski
71%
Elbląg
70%
Grudziądz
69%
Częstochowa
67%
Nie znaleziono quizów pasujących do podanych kryteriów
Rozkład punktacji
Procent ludzi z każdym wynikiem
Percentyl według liczby udzielonych odpowiedzi
Twoja historia wyników
Nie rozwiązałeś tego quizu